Lanean...
Thermodynamics and heat engine/
| Egile nagusia: | |
|---|---|
| Formatua: | Printed Book |
| Hizkuntza: | English |
| LEADER | 00486nam a22001457a 4500 | ||
|---|---|---|---|
| 003 | OSt | ||
| 005 | 20200624134531.0 | ||
| 008 | 151112b xxu||||| |||| 00| 0 eng d | ||
| 082 | |a 621.4021 DOM/T | ||
| 100 | |a Domkundovar, S. | ||
| 245 | |a Thermodynamics and heat engine/ |c S. Domkundovar | ||
| 300 | |a 2942p. | ||
| 942 | |2 ddc |c BK | ||
| 999 | |c 323630 |d 323630 | ||
| 952 | |0 0 |1 0 |2 ddc |4 0 |6 621_402100000000000_DOM_T |7 0 |9 370095 |a CSC |b CSC |c ST1 |d 2015-11-12 |i 2607 |l 0 |o 621.4021 DOM/T |p CSC2607 |r 2015-11-12 |w 2015-11-12 |y BK | ||